| 000 | 00916cam a2200265 i 4500 | ||
|---|---|---|---|
| 001 | 52620 | ||
| 003 | Mx-PuUPA | ||
| 005 | 20221205113554.0 | ||
| 008 | 140415s1997 mx r 000 0 spa d | ||
| 020 | _a9684554575 | ||
| 040 |
_aMX-PuUPA _bspa _erda _cMx-PuUPA _dMx-PuUPA |
||
| 041 | 0 | _aspa | |
| 130 | 1 |
_aInforme. _kAcademia Mexicana de Auditoría Integral |
|
| 245 | 1 | 0 |
_aBoletín n.4 informe de auditoría integral : _bComisión de Normas y Procedimientos de la Academia Mexicana de Auditoria Integral. |
| 250 |
_aPrimera edición / _bjunio |
||
| 264 | 1 |
_aMéxico D.F. : _bDofiscal Editores, _c1997 |
|
| 300 |
_a33 páginas ; _c23 cm. |
||
| 336 |
_atexto _2rdacontent _btxt |
||
| 337 |
_asin mediación _2rdamedia _bn |
||
| 338 |
_avolumen _2rdacarrier _bnc |
||
| 650 | 7 |
_aContabilidad _xAuditoría _2armarc |
|
| 942 |
_2ddc _cLI _h657.45 _iI43 |
||
| 999 |
_c52620 _d52620 |
||